<?xml version="1.0" encoding="UTF-8"?><?xml-stylesheet type="text/xsl" href="static/style.xsl"?><OAI-PMH xmlns="http://www.openarchives.org/OAI/2.0/" xmlns:xsi="http://www.w3.org/2001/XMLSchema-instance" xsi:schemaLocation="http://www.openarchives.org/OAI/2.0/ http://www.openarchives.org/OAI/2.0/OAI-PMH.xsd"><responseDate>2026-06-01T04:32:54Z</responseDate><request verb="GetRecord" identifier="oai:riuma.uma.es:10630/30885" metadataPrefix="marc">https://riuma.uma.es/rest/oai/request</request><GetRecord><record><header><identifier>oai:riuma.uma.es:10630/30885</identifier><datestamp>2026-02-03T10:57:07Z</datestamp><setSpec>com_10630_2254</setSpec><setSpec>col_10630_37953</setSpec></header><metadata><record xmlns="http://www.loc.gov/MARC21/slim" xmlns:dcterms="http://purl.org/dc/terms/" xmlns:doc="http://www.lyncode.com/xoai" xmlns:xsi="http://www.w3.org/2001/XMLSchema-instance" xsi:schemaLocation="http://www.loc.gov/MARC21/slim http://www.loc.gov/standards/marcxml/schema/MARC21slim.xsd">
   <leader>00925njm 22002777a 4500</leader>
   <datafield ind2=" " ind1=" " tag="042">
      <subfield code="a">dc</subfield>
   </datafield>
   <datafield ind2=" " ind1=" " tag="720">
      <subfield code="a">Mora Suárez-Varela, Vicente Luis</subfield>
      <subfield code="e">author</subfield>
   </datafield>
   <datafield ind2=" " ind1=" " tag="260">
      <subfield code="c">2021-06-30</subfield>
   </datafield>
   <datafield ind2=" " ind1=" " tag="520">
      <subfield code="a">En las últimas décadas, el surgimiento de las tecnologías digitales, especialmente internet, ha difundido su influencia en casi cualquier comportamiento social y cultural en los países occidentales. La literatura -y, obviamente, también la literatura en castellano- ha sido claramente receptiva a estos cambios de varias formas: la experiencia de escribir, el habitus (Bourdieu) del campo literario, los temas desarrollados por novelas, relatos breves y poemas, el crecimiento de las maneras de obtener información de la red, la comunicación inmediata entre escritores, etcétera. Además, el crecimiento del campo literario ha franqueado la puerta al fenómeno de la cibermigración (Robin), que permite a todos los e-ciudadanos de la Pangea (Mora) el crecimiento de las posibilidades para superar o exceder su identidad nacional, a través de la adscripción voluntaria a otras instancias o agencias culturales y sociales. El resultado de la suma de todos estos factores ha sido la proliferación de ficciones y obras literarias escritas en una extraterritorialidad real o simbólica, tanto en España como en América Latina.</subfield>
   </datafield>
   <datafield ind1="8" ind2=" " tag="024">
      <subfield code="a">Mora, V. L. (2021). Cibermigraciones. La extraterritorialidad digital en la literatura hispánica contemporánea. Theory Now. Journal of Literature, Critique, and Thought, 4(2), 111–130.</subfield>
   </datafield>
   <datafield ind1="8" ind2=" " tag="024">
      <subfield code="a">https://hdl.handle.net/10630/30885</subfield>
   </datafield>
   <datafield ind1="8" ind2=" " tag="024">
      <subfield code="a">10.30827/tn.v4i2.21121</subfield>
   </datafield>
   <datafield tag="653" ind2=" " ind1=" ">
      <subfield code="a">Tecnología - Literatura</subfield>
   </datafield>
   <datafield tag="653" ind2=" " ind1=" ">
      <subfield code="a">Literatura hispanoamericana</subfield>
   </datafield>
   <datafield ind2="0" ind1="0" tag="245">
      <subfield code="a">Cibermigraciones. La extraterritorialidad digital en la literatura hispánica contemporánea.</subfield>
   </datafield>
</record>
</metadata></record></GetRecord></OAI-PMH>